000 00585nam a2200193Ia 4500
003 GCL
008 140319s9999 xx 000 0 ara d
040 _aGCL /
_cGCL
082 0 4 _a842
_bج ا
100 1 _aجيرودو، جان
245 1 0 _aاوندين /
_cجيرودو، جان
700 1 _aمحمد مندور
700 1 _aدولت حسن
490 _aروائع المسرح العالمى
_v0
650 0 4 _aالادب الفرنسى
650 0 4 _aالمسرحيات الفرنسية
650 0 4 _aالمسرحيات الفرنسية المترجمة
942 _2ddc
_cBK
999 _c42358
_d42358